| 000 | 01120cam a22002891i 4500 | ||
|---|---|---|---|
| 003 | SA-RiAUC | ||
| 005 | 20250318130201.0 | ||
| 008 | 250314s1998 ua f f000 0 ara c | ||
| 020 | _a9770155632 | ||
| 040 |
_aJO-IrYU _bara _cSA-RiAUC _erda |
||
| 043 | _af-ua--- | ||
| 082 | 0 | 4 |
_a346.62022 _qSA-RiAUC |
| 090 |
_a346.62022 _bع ا م |
||
| 100 | 1 |
_aعامر، حسين _eمؤلف. |
|
| 245 | 1 | 2 |
_aالتعسف في استعمال الحقوق وإلغاء العقود / _cحسين عامر ؛ مراجعة عبد الرحيم عامر. |
| 250 | _aالطبعة الثانية. | ||
| 264 | 1 |
_aالقاهرة : _bالهيئة المصرية العامة للكتاب، _c1998 |
|
| 300 |
_a586 صفحة ؛ _c24 سم |
||
| 336 |
_aنص _btxt _2rdacontent _3كتاب |
||
| 337 |
_aبدون وسيط _bn _2rdamedia |
||
| 338 |
_aمجلد _bnc _2rdacarrier |
||
| 650 | 7 |
_aنظرية التعسف (قانون) _zمصر _2aucsh |
|
| 650 | 7 |
_aالعقود (قانون مدني) _zمصر _2aucsh |
|
| 700 | 1 |
_aعامر، عبد الرحيم _eمراجع. |
|
| 942 |
_2ddc _cBOOK _n0 |
||
| 949 |
_aSA-JeALM _d250314 _umohamedma123 _n1 |
||
| 999 |
_c6501 _d6501 |
||